Loading...
| Literature - British | 0 | 6 | 0 | 1 | 60 | 46 | 95.00 | 1 | 4 | 0.00 | 0.00 |
| Fine Arts - Painting and Sculpture | 0 | 4 | 0 | 0 | 40 | 62 | 89.25 | 2 | 3 | 0.00 | 0.00 |
| Fine Arts - Classical Music | 0 | 4 | 1 | 1 | 35 | 86 | 100.50 | 2 | 3 | 0.00 | 0.00 |
| Mythology | 0 | 2 | 0 | 0 | 20 | 79 | 82.50 | 2 | 2 | 0.00 | 0.00 |
| Fine Arts - Other | 0 | 2 | 0 | 0 | 20 | 65 | 76.50 | 1 | 1 | 0.00 | 0.00 |
| History - Other | 0 | 2 | 0 | 0 | 20 | 49 | 80.00 | 0 | 2 | 0.00 | 0.00 |
| Literature - World | 0 | 2 | 0 | 1 | 20 | 144 | 149.50 | 0 | 0 | 0.00 | 0.00 |
| Literature - European | 0 | 1 | 0 | 0 | 10 | 63 | 63.00 | 0 | 1 | 0.00 | 0.00 |
| History - European | 0 | 0 | 1 | 0 | -5 | 0.00 | 0 | 0 | 0.00 | 0.00 | |
| Literature - American | 0 | 0 | 1 | 0 | -5 | 0.00 | 0 | 0 | 0.00 | 0.00 |